000 00381 a2200169 4500
001 184977
020 _a85-7153-159-5
040 _cMagnum
100 _aPortes, Maximiano Marxs de Figueiredo
240 1 0 _aQue febre de mosquito!
_lpor
245 1 0 _aQue febre de mosquito!
300 _a16
362 0 _a2002
440 1 _aRHJ
697 _aLITERATURA INFANTIL
942 _cBK
999 _c184977
_d184977